Most titles in the league of Ireland - Statistics

General Stats
  • This quiz has been taken 14 times
  • The average score is 9 of 12
Answer Stats
Titles Answer % Correct
14 Dundalk
100%
3 Cork City
93%
21 Shamrock Rovers
93%
3 Sligo Rovers
93%
11 Bohemians
86%
2 Derry City
86%
8 St Patts
86%
14 Shelbourne
79%
6 Waterford
64%
2 Athlone Town
57%
1 Drogheda United
50%
2 Limerick
43%
No matching quizzes found
Score Distribution
Percent of People with Each Score
Percentile by Number Answered
Your Score History
You have not taken this quiz